Progressively Precise Percentages Quiz Stats

 Plays Quiz Updated Mar 9, 2020

Support Sporcle.
Go Orange.
Score 0/30 Timer 05:00
0 Plays Today
Percent (of)... % % Correct
100 top-grossing films were made by Spielberg/Lucas???
82.2%
World's methane is from domesticated cows' flatulation???
75.6%
People in Mali earning less than $1 US/day???
67.1%
The world's active volcanoes found in Japan???
65.4%
The Earth's atmosphere which is nitrogen???
62.7%
Chance of being born female???
62.2%
Alaska's coastline to total US coastline???
59%
Bangladesh girls who are married by age 18???
57.9%
The world's population living in Asia???
56.7%
Western society who claim they floss daily???
53.4%
The world's land area which is Asia???
51.6%
Polled Americans who have skinny-dipped???
50.7%
Cell phone minutes we pay for which go unused???
48.3%
Urban population in Kenya???
47.7%
New Zealand adults who have used cannabis???
46.8%
Percent (of)... % % Correct
South America area which is Brazil???
44.6%
Chance of getting hemorrhoids in your lifetime???
43.1%
People who eat the cake before the frosting???
40.5%
Chance of being born left handed???
39.3%
Alcohol in (most) Jack Daniel's Whisky products???
37.2%
Italians who are Catholic???
36.1%
The world's ice which is located in Antarctica???
32.4%
Urban population in Brazil???
28.5%
Canada's surface covered in water???
26.4%
Dentists who recommend Trident???
24.7%
Water in the world which is fresh???
21.4%
Iceland's military expenditure to GDP???
18.9%
The world's population without clean drinking water???
13%
Unemployment rate in Mozambique???
12%
Italian Catholics who are practicing Catholics???
11.7%

You're not logged in!

Compare scores with friends on all Sporcle quizzes.
OR
Log In

From the Vault

Which Language Family?

by Darzlat

Which language is the black sheep of the family?
Remove Ads.
Support Sporcle.
Get the best of Sporcle when you Go Orange. This ad-free experience offers more features, more stats, and more fun while also helping to support Sporcle. Thank you for becoming a member.

Show Comments

Extras

Top Quizzes Today


Score Distribution

Your Account Isn't Verified!

In order to create a playlist on Sporcle, you need to verify the email address you used during registration. Go to your Sporcle Settings to finish the process.

Report this User

Report this user for behavior that violates our Community Guidelines.

Details: